| 000 | 00779nam a2200253Ia 4500 | ||
|---|---|---|---|
| 003 | OSt | ||
| 005 | 20220918171336.0 | ||
| 006 | a|||||r|||| 00| 0 | ||
| 007 | ta | ||
| 008 | 220917b |||||||| |||| 00| 0 eng d | ||
| 020 |
_a9781509519989 (pbk) _cUSD 24.95 |
||
| 024 | _a348,147 | ||
| 037 |
_b015, 21/01/2019, Excel Book International _cTextual |
||
| 040 |
_aARTS _cARTS _beng |
||
| 041 |
_2eng _aeng |
||
| 082 | _aR325, Q8 | ||
| 100 |
_aHarman Graham Au. _935967 |
||
| 245 | 0 |
_aSpeculative realism _b introduction |
|
| 260 |
_aCambridge _bPolity Press UK _c2018 |
||
| 300 |
_av,189p. _ccm. |
||
| 650 |
_aPHILOSOPHY; REALISM _928201 |
||
| 942 |
_hR325, Q8 _cTEXL _2CC |
||
| 999 |
_c139141 _d139141 |
||